Giáo trình cây bông

Guardat en:
Dades bibliogràfiques
Autor principal: Hoàng Đức Phương
Format: Llibre
Idioma:Undetermined
Publicat: Hà Nội Nông nghiệp 1983
Matèries:
Etiquetes: Afegir etiqueta
Sense etiquetes, Sigues el primer a etiquetar aquest registre!
Thư viện lưu trữ: Trung tâm Học liệu Trường Đại học Cần Thơ
LEADER 00532nam a2200181Ia 4500
001 CTU_13121
008 210402s9999 xx 000 0 und d
082 |a 633.51 
082 |b Ph561 
100 |a Hoàng Đức Phương 
245 0 |a Giáo trình cây bông 
245 0 |c Hoàng Đức Phương 
260 |a Hà Nội 
260 |b Nông nghiệp 
260 |c 1983 
650 |a cotton,fiber plants 
904 |i Nguyễn Quang Điền, 961122 
980 |a Trung tâm Học liệu Trường Đại học Cần Thơ